00712nam a2200181 a 4500001001000000003000900010005001700019007000300036008004100039040002500080082000700105111011000112245002900222260011100251300002700362500008100389500006000470000026559DO-SdBNP20220609083058.0ta110303s2002 dr a 000 0 spa d aDO-SdBNPbspacBNPHU 42221 aFeria Internacional del Libron(5 :d25 abril al 5 de mayo 2002 :cSanto Domingo, República Dominicana)10aPrograma de actividades  aSanto Domingo :bSecretaría de Estado de CulturabFeria Internacional del Libro de Santo Domingo,c2002. a96 p. :bil. ;c23 cm. aEn homenaje a Pedro Henríquez Ureña , país invitado de honor Venezuela aIncluye el programa de la XXIX Feria Nacional del Libro